| 000 | 00974nam a22002537a 4500 | ||
|---|---|---|---|
| 005 | 20170123164145.0 | ||
| 010 | _aB-095871 | ||
| 020 | _c150.00 | ||
| 035 | _aB-095871 | ||
| 037 | _bCen Lib/Ret | ||
| 040 |
_aDPL _bPN |
||
| 082 |
_aਕ _bਸ਼ਰਨ |
||
| 100 |
_aਸ਼ਰਨ ਮੱਕੜ _92233 |
||
| 245 |
_aਸਲੀਬ ਤੇ ਟੰਗੀ ਤਿੱਤਲੀ : _cਸ਼ਰਨ ਮੱਕੜ _bਕਹਾਣੀਆਂ / |
||
| 246 |
_aSaleed te tangee titlee : stories / _bby Sharan Makkar |
||
| 260 |
_aਅੰਮ੍ਰਿਤਸਰ _bਲੌਕ ਸਾਹਿਤ ਪ੍ਰਕਾਸ਼ਨ _c2007 |
||
| 270 |
_a186, ਗੀਨ ਔਵੀਨਿਊ _bਅੰਮ੍ਰਿਤਸਰ _e143001 |
||
| 300 |
_a120p ; _c20cm |
||
| 650 |
_aਸਾਹਿਤ -- ਪੰਜਾਬੀ _9128563 |
||
| 650 |
_aਪੰਜਾਬੀ-- ਕਹਾਣੀਆਂ _9128564 |
||
| 650 |
_aliterature -- Punjabi _9128565 |
||
| 650 |
_aPunjabi - story _9128566 |
||
| 942 |
_2ddc _cPN _hਕ _mਸ਼ਰਨ |
||
| 999 |
_c109955 _d109955 |
||